The pea & the sun : a mathematical paradox /

Guardado en:
Autor Principal: Wapner, Leonard M., 1948-
Formato: Libro
Idioma:English
Publicado: Wellesley, Mass. : A K Peters, c2005.
Materias:
Etiquetas: Agregar Etiqueta
Sin Etiquetas, Sea el primero en etiquetar este registro!
LEADER 00751cam a22002174a 4500
001 MAT.inmabb006446
008 041122s2005####maua#####b####001#0#eng##
005 20130312124624.0
245 1 4 |a The pea & the sun :  |b a mathematical paradox /  |c Leonard M. Wapner. 
260 |a Wellesley, Mass. :  |b A K Peters,  |c c2005. 
300 |a xiv, 218 p. :  |b il. ;  |c 24 cm. 
504 |a Incluye referencias bibliográficas (p. 205-211) e índice. 
510 4 |a MR,  |c 2006a:03001 
020 |a 1568812132 
100 1 |a Wapner, Leonard M.,  |d 1948- 
246 3 |a Pea and the sun 
650 0 |a Banach-Tarski paradox  |x History. 
084 |a 03-01 (00A05 00A08 01A60 03-03 03E25)  |2 msc2000 
010 |a  2004063620 
040 |a DLC  |c DLC  |d DLC 
859 |h 03  |i W252  |p A-8656  |b BIB. MATEMATICA